000 00327nam a2200145 i 4500
001 bg
100 1 _aDEVENPORT, G.
245 0 _aMultiplikativnaja teorija cisel /
_cG. Devenport.
260 _aMoskva,
_c1971.
040 _cBPK
041 _apol
080 _a51
942 _cKS
008 s pl f |000 0 pol
999 _c14155
_d14155
856 _uhttp://koha.tu.koszalin.pl/cgi-bin/koha/opac-detail.pl?biblionumber=14155
_yKatalog online BPK